| 000 | 01018nam a22002777a 4500 | ||
|---|---|---|---|
| 003 | CHAP | ||
| 005 | 20220329143612.0 | ||
| 008 | 100825s2006 mx r 00010 spa d | ||
| 010 | _a99135 | ||
| 011 | _a100107 | ||
| 035 | _a110793 | ||
| 040 | _cCHAP | ||
| 082 | 0 | 4 |
_a636.59 _bR69 |
| 100 | 1 |
_aRodríguez, Fabián Oscar. _998991 |
|
| 245 | 1 | 0 |
_aCría de codornices, para pequeños emprendedores : manual teórico práctico para el manejo comercial de la codorniz _c/por Fabían Oscar Rodríguez |
| 260 |
_aBuenos Aires : _bHemisferio Sur, _c2006 |
||
| 300 |
_a95 p. : _bilus. |
||
| 590 |
_aBATCH-UPD _b10 _c20130110 _lUCH01 _h1350 |
||
| 590 |
_aBATCH-UPD _b10 _c20130410 _lUCH01 _h0846 |
||
| 590 |
_aBATCH-UPD _b10 _c20130914 _lUCH01 _h0956 |
||
| 590 |
_aCONVERSION _b10 _c20130109 _lUCH01 _h1355 |
||
| 650 | 0 | 4 |
_aCodorniz _xMercadeo. _924309 |
| 901 | _aBK | ||
| 942 | _cLIBRO | ||
| 949 |
_a636.59 R69 _bBC _cLIBRO _d33724002209595 _eLIBRO _h55517 sust.X _i110793 _mEste ejemplar sustituye al primero registrado en el bib. 52934 _si |
||
| 999 |
_c99135 _d99135 |
||